00986nam a2200217 a 450000100100000000500170001000800410002704000250006808200240009311001120011724500550022926000700028430000330035459000260038765000460041365000530045965100750051291000420058795201220062999900170075100002158420200930011356.0100909s1986 dr ad r 000 0 spa d aDO-SdBNPbspacBNPHU a352.48bR426i, 19861 aRepública Dominicana.bSecretariado Técnico de la Presidencia.bOficina Nacional de Presupuesto.93226610aInforme de ejecución presupuestaria año 1986/. aSanto Domingo :bSecretariado Técnico de la Presidencia,c1986. av. :bil., gráf. ;c28 cm. aInventariado, 2018/BT 4aPresupuestozRepública Dominicana97940 4aHacienda públicazRepública Dominicana96562 aRepública DominicanaxGastos Presupuestarios Públicosy1986944954 aValidado. Control de calidad. MMOLINA 0010718PDaPDbPDcHDd2010-09-09iLF1l0o352.48 R426i, 1986p21584-10r2020-06-25w2020-06-25yLFPDZNo se presta c21083d21083